Aktuálne problémy podnikovej ekonomiky zamerané na zvyšovanie výkonnosti podnikov

Súčasnosť a perspektívy vývoja podnikateľského prostredia na Slovensku. Trend vo vývoji v počte podnikateľských subjektov na Slovensku. Hodnotenie podnikateľského prostredia vo vybranom súbore podnikov na Slovensku. Vnímanie daňového zaťaženia podnikateľmi na Slovensku.

Salvato in:
Dettagli Bibliografici
Autore principale: Šúbertová, Elena
Natura: Capitolo di libro
Lingua:slovacco
Soggetti:
Tags: Aggiungi Tag
Nessun Tag, puoi essere il primo ad aggiungerne!!

MARC

LEADER 00000nla a2200000 4500
001 0185321
005 20240522094321.8
041 0 |a slo 
044 |a SK 
245 1 0 |a Aktuálne problémy podnikovej ekonomiky zamerané na zvyšovanie výkonnosti podnikov  |c Elena Šúbertová 
520 |a Súčasnosť a perspektívy vývoja podnikateľského prostredia na Slovensku. Trend vo vývoji v počte podnikateľských subjektov na Slovensku. Hodnotenie podnikateľského prostredia vo vybranom súbore podnikov na Slovensku. Vnímanie daňového zaťaženia podnikateľmi na Slovensku. 
610 2 0 |a prostredie podnikateľské 
610 2 0 |a podnikatelia 
610 2 0 |a podnik 
610 2 0 |a výkonnosť podniku 
610 2 0 |a konkurencieschopnosť 
610 2 0 |a zaťaženie daňové 
610 2 0 |a dane z hodnoty pridanej 
610 2 0 |a Slovensko 
100 1 |a Šúbertová, Elena